Chinese menus (Record no. 7874)

MARC details
000 -LEADER
fixed length control field 00704nam a2200265 i 4500
001 - CONTROL NUMBER
control field C2-0069032
003 - CONTROL NUMBER IDENTIFIER
control field PPAK
005 - DATE AND TIME OF LATEST TRANSACTION
control field 20190630222130.0
008 - FIXED-LENGTH DATA ELEMENTS--GENERAL INFORMATION
fixed length control field 970309s1983 vaua|||| ||||| | eng d
020 ## - INTERNATIONAL STANDARD BOOK NUMBER
International Standard Book Number 0867061588
040 ## - CATALOGING SOURCE
Original cataloging agency PPAK
Language of cataloging eng
Transcribing agency PPAK
Description conventions rda
082 04 - DEWEY DECIMAL CLASSIFICATION NUMBER
Classification number 642
Edition number 23
090 00 - LOCALLY ASSIGNED LC-TYPE CALL NUMBER (OCLC); LOCAL CALL NUMBER (RLIN)
Classification number (OCLC) (R) ; Classification number, CALL (RLIN) (NR) 642
Feature heading CHI
Feature heading R
245 00 - TITLE STATEMENT
Title Chinese menus
250 ## - EDITION STATEMENT
Edition statement Time-Life Books
264 #1 - PRODUCTION, PUBLICATION, DISTRIBUTION, MANUFACTURE, AND COPYRIGHT NOTICE
Place of production, publication, distribution, manufacture Virginia :
Name of producer, publisher, distributor, manufacturer Time-life Books ,
Date of production, publication, distribution, manufacture, or copyright notice 1983
300 ## - PHYSICAL DESCRIPTION
Extent 105 pages :
Other physical details colour illustrations ;
Dimensions 27 cm
336 ## - CONTENT TYPE
Source rdacontent
Content type term text
337 ## - MEDIA TYPE
Source rdamedia
Media type term unmediated
338 ## - CARRIER TYPE
Source rdacarrier
Carrier type term volume
490 1# - SERIES STATEMENT
Series statement Great meals in minute
650 10 - SUBJECT ADDED ENTRY--TOPICAL TERM
Topical term or geographic name entry element Cookery, Chinese
830 #0 - SERIES ADDED ENTRY--UNIFORM TITLE
Uniform title Great meals in minute
942 ## - ADDED ENTRY ELEMENTS (KOHA)
-- dc
Koha item type Book
Holdings
Withdrawn Not for loan Current library Shelving location Date acquired Full call number Barcode Date last seen Koha item type
  Not For Loan Perpustakaan Alor Setar Rujukan Dewasa 29/04/1998 R 642 CHI A00000347 08/05/2018 Book
  Not For Loan Perpustakaan Awam Sungai Petani Rujukan Dewasa 09/03/1997 R 642 CHI A00000348 08/05/2018 Book
  Not For Loan Perpustakaan Jitra Rujukan Dewasa 09/03/1997 R 642 CHI A00000349 08/05/2018 Book
  Not For Loan Perpustakaan Kulim Rujukan Dewasa 09/03/1997 R 642 CHI A00000351 08/05/2018 Book
  Not For Loan Perpustakaan Yan Rujukan Dewasa 09/03/1997 R 642 CHI A00000352 08/05/2018 Book